La palabra inspirada: la Biblia a la luz de la ciencia del lenguaje

Zapisane w:
Opis bibliograficzny
1. autor: Alonso Schökel, Luis (autor)
Format: Książka
Język:hiszpański
Wydane: Barcelona Herder 1969
Wydanie:2a. ed
Seria:Biblioteca Herder. Sección de Sagrada Escritura, 75
Hasła przedmiotowe:
Etykiety: Dodaj etykietę
Nie ma etykietki, Dołącz pierwszą etykiete!

MARC

LEADER 00000nam a2200000 a 4500
001 UCL2121
003 CL-VaPUC
008 031010e19690000SP |||||||||||||||||spa|d
082 0 4 |a 220  |b ALO  |2 21 
100 |a Alonso Schökel, Luis  |e autor  |9 591055 
245 1 3 |a La palabra inspirada: la Biblia a la luz de la ciencia del lenguaje 
250 |a 2a. ed 
300 |a 390 p 
942 |c BK 
945 |d 20031010 00:00:00  |a vberengu 
260 |a Barcelona  |b Herder  |c 1969 
650 0 |a Biblia  |9 257603 
650 0 |a Textos sagrados   |9 257605 
583 |a last modification  |c 20031010 00:00:00  |k Rodrigo Vera 
490 0 |a Biblioteca Herder. Sección de Sagrada Escritura, 75 
999 |c 305481  |d 305479 
952 |0 0  |1 2  |4 0  |6 220_000000000000000_ALO_1969  |7 0  |8 A  |9 369399  |a BIBTEO  |b BIBTEO  |d 2019-11-21  |i 2079887  |o 220 ALO 1969  |p 2079887  |r 2019-11-21  |w 2019-11-21  |x Descarte 2019  |y BK  |k ICR